Tous les personnages de Dragon Ball Z : Budokai - Statistiques

Statistiques générales
  • Ce quiz a été pris 203 fois
  • Le résultat moyen est 15 sur 20
Statistiques - réponses
Hint Réponse % Correct
1 Son Goku
99%
2 Son Gohan
98%
3 Vegeta
97%
16 Cell
90%
5 Krillin
89%
7 Yamcha
89%
12 Freezer
88%
4 Piccolo
88%
8 Trunks
86%
18 C18
81%
19 C17
80%
6 TenShinHan
78%
20 C16
75%
11 Nappa
70%
10 Raditz
66%
17 C19
62%
14 Dodoria
39%
13 Zarbon
38%
9 Hercule
23%
15 Recoome
15%
Aucun quiz correspondant
Distribution des résultats
% des personnes avec chaque résultat
Percentile par nombre de réponses
Votre historique - résultats
Vous n’avez pas pris ce quiz